Janka Guzová a jej piesenky

Bibliographic Details
Main Author: Ursínyová, Terézia, 1942- (Author)
Format: Article
Language:Slovak
PhysicalDescription:Obr. 1
ISSN:0139-5812
Subjects:

MARC

LEADER 00000nab a2200000 a 4500
001 vtls000571797
003 SK-MaSNL
005 20260303013652.0
008 160216c1996 xo 0 slo
015 |a SNBRB19rr/mm-uuuuu 
035 |a CL0571935 
040 |a SNKBUCL  |b slo  |c SNKBUCL  |e AACR2 
041 0 |a slo 
044 |a xo  |c SK 
080 |a 78.071.2:784.4  |2 1981 
080 |a 784.4  |2 1981 
080 |a 929 Guzová-Becková, Janka  |2 1981 
100 1 |a Ursínyová, Terézia,  |d 1942-  |4 aut  |9 103725 
245 1 0 |a Janka Guzová a jej piesenky  |c Terézia Ursínyová 
300 |b Obr. 1 
600 1 7 |a Guzová-Becková, Janka,  |d 1917-1993  |2 snkbucl  |9 36970 
655 7 |a články z novín a časopisov  |2 snkbucl  |9 267496 
773 0 |t Katolícke noviny  |g Roč. 111, č. 1 (1996), s. 14  |x 0139-5812 
850 |a Slovenská národná knižnica v Martine  |a MTA001 
852 |a SNK  |b KIS3GCP 
958 |a BX 
958 |a RK 
992 |a RBX 
999 |c 1603884  |d 1605814